Digital design with CPLD applications and VHDL (E-Book) (Record no. 191845)
[ view plain ]
| 000 -LEADER | |
|---|---|
| fixed length control field | 01150 a2200229 4500 |
| 003 - CONTROL NUMBER IDENTIFIER | |
| control field | Nust |
| 005 - DATE AND TIME OF LATEST TRANSACTION | |
| control field | 20170207154025.0 |
| 010 ## - LIBRARY OF CONGRESS CONTROL NUMBER | |
| LC control number | 00030838 |
| 020 ## - INTERNATIONAL STANDARD BOOK NUMBER | |
| International Standard Book Number | 0766811603 |
| 040 ## - CATALOGING SOURCE | |
| Transcribing agency | Nust |
| 082 00 - DEWEY DECIMAL CLASSIFICATION NUMBER | |
| Classification number | 621.39/5 |
| 100 1# - MAIN ENTRY--PERSONAL NAME | |
| Personal name | Dueck, Robert K. |
| 245 10 - TITLE STATEMENT | |
| Title | Digital design with CPLD applications and VHDL (E-Book) |
| Statement of responsibility, etc. | Robert K. Dueck. |
| 260 ## - PUBLICATION, DISTRIBUTION, ETC. | |
| Place of publication, distribution, etc. | Albany, NY : |
| Name of publisher, distributor, etc. | Delmar Pub., |
| Date of publication, distribution, etc. | 2001. |
| 300 ## - PHYSICAL DESCRIPTION | |
| Extent | xv, 846 p. : |
| Other physical details | ill. ; |
| Dimensions | 28 cm. + |
| Accompanying material | 1 computer laser optical disc (4 3/4 in.) |
| 505 ## - FORMATTED CONTENTS NOTE | |
| Formatted contents note | Basic Principles of Digital Systems, Logic Functions and Gates, Boolean algebra and Combinational Logic, Introduction to PLDs And MAX_PLUS II, Combinational Logic Functions, Digital Arithmetic and Arithmetic Circuits, Introduction to Sequential Logic, Introduction to Programmable Logic Architectures, Counters and Shift Registers, State Machine Design, Logic Gate Circuitry, Interfacing Analog and Digital Circuits, Memory Devices and Systems |
| 650 #0 - SUBJECT ADDED ENTRY--TOPICAL TERM | |
| Topical term or geographic name entry element | Logic design. |
| 650 #0 - SUBJECT ADDED ENTRY--TOPICAL TERM | |
| Topical term or geographic name entry element | Programmable array logic. |
| 650 #0 - SUBJECT ADDED ENTRY--TOPICAL TERM | |
| Topical term or geographic name entry element | Programmable logic devices |
| General subdivision | Design and construction. |
| 650 #0 - SUBJECT ADDED ENTRY--TOPICAL TERM | |
| Topical term or geographic name entry element | VHDL (Computer hardware description language) |
| 651 ## - SUBJECT ADDED ENTRY--GEOGRAPHIC NAME | |
| Geographic name | (E-Book) |
| 942 ## - ADDED ENTRY ELEMENTS (KOHA) | |
| Source of classification or shelving scheme | |
| Koha item type | Book |
| Withdrawn status | Lost status | Source of classification or shelving scheme | Damaged status | Not for loan | Collection code | Permanent Location | Current Location | Date acquired | Total Checkouts | Full call number | Barcode | Date last seen | Price effective from | Koha item type |
|---|---|---|---|---|---|---|---|---|---|---|---|---|---|---|
| Military College of Signals (MCS) | Military College of Signals (MCS) | 12/12/2016 | 621.39/5 | MCSEB-1132 | 12/08/2016 | 12/12/2016 | Book |
